Experience tourism - a new trend in modern society
Charakteristika a ciele zážitkového cestovného ruchu. Výsledky dotazníkového prieskumu zameraného na spotrebu produktov zážitkového cestovného ruchu.
Saved in:
| Main Author: | |
|---|---|
| Other Authors: | |
| Format: | Book Chapter |
| Language: | English |
| Subjects: | |
| Tags: |
No Tags, Be the first to tag this record!
|
MARC
| LEADER | 00000naa a2200000 4500 | ||
|---|---|---|---|
| 001 | 0191535 | ||
| 005 | 20231016074729.4 | ||
| 041 | 0 | |a eng | |
| 044 | |a SK | ||
| 245 | 1 | 0 | |a Experience tourism - a new trend in modern society |c Barbora Voříšková, Jarmila Indrová |
| 520 | |a Charakteristika a ciele zážitkového cestovného ruchu. Výsledky dotazníkového prieskumu zameraného na spotrebu produktov zážitkového cestovného ruchu. | ||
| 610 | 2 | 0 | |a ruch cestovný zážitkový |
| 610 | 2 | 0 | |a prieskum |
| 610 | 2 | 0 | |a Česko |
| 100 | 1 | |a Voříšková, Barbora | |
| 700 | 1 | |a Indrová, Jarmila | |